[Event "Muensterland Verbandsklasse-A 0405"]
[Site "Muensterland"]
[Date "2004.11.27"]
[Round "4.7"]
[White "Steens, Rudolf"]
[Black "Inderwisch, Joerg"]
[Result "1-0"]
[WhiteElo "1876"]
[BlackElo "1428"]
[PlyCount "35"]
[EventDate "2004.09.11"]
[EventType "team"]
[EventRounds "9"]
[EventCountry "GER"]
[SourceTitle "EXT 2006"]
[Source "ChessBase"]
[SourceDate "2005.11.24"]
[SourceVersion "1"]
[SourceVersionDate "2005.11.24"]
[SourceQuality "1"]
[WhiteTeam "Nordwalde"]
[BlackTeam "Emsdetten Turm III"]
[WhiteTeamCountry "GER"]
[BlackTeamCountry "GER"]

1. e4 c5 2. c3 Nc6 3. Nf3 d6 4. d4 cxd4 5. cxd4 Nf6 6. Nc3 g6 7. Be3 Bg7 8. h3 0-0 9. Qd2 Bd7 10. Be2 a6 11. 0-0 Rc8 12. Rac1 Na5 13. Rfd1 Nc4 14. Bxc4 Rxc4 15. e5 Ne8 16. Bh6 f6 17. b3 Rc8 18. Qe3 1-0

[Event "Steinfurt Bezirksliga 0304"]
[Site "Germany"]
[Date "2004.05.22"]
[Round "9.6"]
[White "Inderwisch, Joerg"]
[Black "Ottens, Josef"]
[Result "1-0"]
[WhiteElo "1349"]
[BlackElo "1520"]
[PlyCount "113"]
[EventDate "2003.10.18"]
[EventType "team-tourn"]
[EventRounds "9"]
[EventCountry "GER"]
[SourceTitle "EXT 2005"]
[Source "ChessBase"]
[SourceDate "2004.11.15"]
[SourceVersion "1"]
[SourceVersionDate "2004.11.15"]
[SourceQuality "1"]
[WhiteTeam "Emsdetten Turm IV"]
[BlackTeam "Steinfurt II"]
[WhiteTeamCountry "GER"]
[BlackTeamCountry "GER"]

1. e4 e5 2. Nf3 Nc6 3. Bc4 Bc5 4. c3 Nf6 5. d4 exd4 6. cxd4 Bb4+ 7. Bd2 Bxd2+ 8. Nbxd2 d5 9. exd5 Nxd5 10. 0-0 0-0 11. Re1 Be6 12. Bb5 Bd7 13. Nc4 a6 14. Bxc6 Bxc6 15. Nce5 Qf6 16. Rc1 Be8 17. Qb3 Bc6 18. Nxc6 bxc6 19. Qc4 Ne7 20. Ne5 Rfd8 21. Red1 Rd6 22. Qb4 Rad8 23. Nf3 Ng6 24. Rd3 Nf4 25. Rcd1 Qf5 26. Qb3 Qg4 27. g3 Rh6 28. Qxf7+ Kxf7 29. Ne5+ Kg8 30. Nxg4 Nh3+ 31. Kg2 Rh5 32. Ne5 Rd6 33. Nc4 Rf6 34. f4 Rg6 35. Rf1 Rg4 36. Re3 Rhh4 37. Re8+ Kf7 38. Ne5+ Kxe8 39. Nxg4 Rxg4 40. Kxh3 Rg6 41. Re1+ Kd7 42. Kg2 h6 43. Kf3 Rd6 44. Ke3 Re6+ 45. Kd2 Rxe1 46. Kxe1 Kd6 47. Kd2 Ke6 48. g4 g6 49. Ke3 h5 50. h3 h4 51. b3 a5 52. Ke4 Kd6 53. f5 g5 54. a3 Kd7 55. Ke5 Ke7 56. f6+ Kf7 57. Kf5 1-0

[Event "Steinfurt Bezirksliga 0304"]
[Site "Germany"]
[Date "2003.11.22"]
[Round "2.7"]
[White "Bartsch, Rainer"]
[Black "Inderwisch, Joerg"]
[Result "1-0"]
[WhiteElo "1708"]
[BlackElo "1349"]
[PlyCount "107"]
[EventDate "2003.10.18"]
[EventType "team-tourn"]
[EventRounds "9"]
[EventCountry "GER"]
[SourceTitle "EXT 2005"]
[Source "ChessBase"]
[SourceDate "2004.11.15"]
[SourceVersion "1"]
[SourceVersionDate "2004.11.15"]
[SourceQuality "1"]
[WhiteTeam "Saerbeck Falke II"]
[BlackTeam "Emsdetten Turm IV"]
[WhiteTeamCountry "GER"]
[BlackTeamCountry "GER"]

1. b4 e5 2. Bb2 d6 3. e3 Nf6 4. c4 Bf5 5. b5 c6 6. a4 Be7 7. Be2 0-0 8. d3 a6 9. Nf3 Nbd7 10. 0-0 Qc7 11. Nc3 d5 12. cxd5 cxd5 13. d4 e4 14. Nd2 Rfc8 15. Qb3 Be6 16. Rfc1 Qb6 17. a5 Qd8 18. b6 Qf8 19. Na2 Bd6 20. Ba3 Qe7 21. Bxd6 Qxd6 22. Rc3 h6 23. Rac1 Rxc3 24. Rxc3 Ne8 25. Qb4 Qf8 26. Nb3 Rb8 27. Qxf8+ Kxf8 28. Nb4 Ke7 29. f4 Kd6 30. g4 f6 31. f5 Bf7 32. Kf2 Ke7 33. h3 Kd6 34. Kg3 Bg8 35. Kf2 Bf7 36. Rc1 Ke7 37. Rc2 Kd8 38. Bxa6 bxa6 39. Nc6+ Kc8 40. Nxb8+ Kxb8 41. Nc5 Nxc5 42. dxc5 Kc8 43. Ke2 Kd7 44. c6+ Kc8 45. Kd2 Kb8 46. c7+ Nxc7 47. bxc7+ Kc8 48. Rc5 Bg8 49. Kc3 Bf7 50. Kd4 Bg8 51. Rc6 Bf7 52. Kc5 Bg8 53. Kb6 d4 54. Rd6 1-0